Measuring engineering properties of soil / (Record no. 9737)

MARC details
000 -LEADER
fixed length control field 00813nac a22002171u 4500
010 ## - LIBRARY OF CONGRESS CONTROL NUMBER
LC control number 85019222
020 ## - INTERNATIONAL STANDARD BOOK NUMBER
International Standard Book Number 013568577X (pbk.)
082 00 - DEWEY DECIMAL CLASSIFICATION NUMBER
Classification number 624.15136
Item number WRA
090 ## - LOCALLY ASSIGNED LC-TYPE CALL NUMBER (OCLC); LOCAL CALL NUMBER (OCLC)
-- 9737
-- 9737
100 ## - MAIN ENTRY--PERSONAL NAME
Personal name Wray, Warren K.
245 10 - TITLE STATEMENT
Title Measuring engineering properties of soil /
Statement of responsibility, etc Warren K. Wray.
260 ## - PUBLICATION, DISTRIBUTION, ETC. (IMPRINT)
Place of publication, distribution, etc Englewood Cliffs, NJ :
Name of publisher, distributor, etc Prentice-Hall,1986.
Date of publication, distribution, etc c1986.
300 ## - PHYSICAL DESCRIPTION
Extent xii, 276 p. :
Other physical details ill. ;
Dimensions 29 cm.
440 #0 -
-- Prentice-Hall international series in civil engineering and engineering mechanics
500 ## - GENERAL NOTE
General note Distributer: Al-Ahram.
504 ## - BIBLIOGRAPHY, ETC. NOTE
Bibliography, etc Includes bibliographical references and index.
511 ## - PARTICIPANT OR PERFORMER NOTE
Participant or performer note Catalogued by: Sara.
650 #0 - SUBJECT ADDED ENTRY--TOPICAL TERM
Topical term or geographic name as entry element Soils
General subdivision Testing
-- Laboratory manuals.
650 #0 - SUBJECT ADDED ENTRY--TOPICAL TERM
Topical term or geographic name as entry element Soil mechanics
General subdivision Laboratory manuals.
942 ## - ADDED ENTRY ELEMENTS (KOHA)
Item type Book - Borrowing
Call number prefix 624.15136WRA
Holdings
Withdrawn status Item status Damaged status Not for loan Home library Current library Shelving location Date acquired Source of acquisition Total Checkouts Full call number Barcode Date last seen Koha item type
        Central Library Central Library First floor 02/06/2008 Purchase   624.15136WRA 000011827 15/07/2025 Book - Borrowing